Nhật ngữ căn bản : Tập 3 gồm 2 băng cassette

Sparad:
Bibliografiska uppgifter
Materialtyp: Bok
Språk:Undetermined
Ämnen:
Taggar: Lägg till en tagg
Inga taggar, Lägg till första taggen!
Thư viện lưu trữ: Trung tâm Học liệu Trường Đại học Cần Thơ
LEADER 00418nam a2200145Ia 4500
001 CTU_108506
008 210402s9999 xx 000 0 und d
020 |c 18000 
082 |a 495.6 
082 |b Nh124/T.3/C.3 
245 0 |a Nhật ngữ căn bản : 
245 0 |b Tập 3 gồm 2 băng cassette 
650 |a Japanese language 
904 |i Tuyến 
980 |a Trung tâm Học liệu Trường Đại học Cần Thơ